000 00849nam a22002175i 4500
001 159765
003 ES-MaACL
005 20250629063134.0
008 040723s1867 fr a |||| | fre d
040 _aCAM
_bspa
_cCAM
100 1 _aMirecourt, Eugène de,
_d1812-1880
_9129980
245 1 0 _aBarbès /
_cpar Eugène de Mirecourt.
260 _aParis :
_bAchille Faure éditeur,
_c1867 (
_eMirecourt :
_fTypographie L.-Ph. Costet)
300 _a70 p., [1] h. de lám. ;
_c15 cm.
490 1 _aHistoire contemporaine : portraits et silhouette au XIX\pe\s siècle
599 _aLa h. de lám. retrato de Barbès.
600 1 4 _aBarbès, A.-
_xBiografías.
_9125810
830 0 _aHistoire contemporaine : portraits et silhouette au XIX\pe\s siècle
_9221976
852 _aES-MaACL
_jG-14945(1)
_z-- Enc. hol.
999 _c159765
_d159765